<?xml version="1.0" encoding="UTF-8"?>
<record
    xmlns:xsi="http://www.w3.org/2001/XMLSchema-instance"
    xsi:schemaLocation="http://www.loc.gov/MARC21/slim http://www.loc.gov/standards/marcxml/schema/MARC21slim.xsd"
    xmlns="http://www.loc.gov/MARC21/slim">

  <leader>00709naa a22001817i 4500</leader>
  <controlfield tag="001">8070</controlfield>
  <controlfield tag="003">KOSZ 005</controlfield>
  <controlfield tag="005">20180324133045.0</controlfield>
  <controlfield tag="008">160308s2010        ||||| ||||0|| ||pol </controlfield>
  <datafield tag="035" ind1=" " ind2=" ">
    <subfield code="a">PBN-R:246569</subfield>
  </datafield>
  <datafield tag="040" ind1=" " ind2=" ">
    <subfield code="c">KOSZ 005/md</subfield>
    <subfield code="a">PBN-ID</subfield>
    <subfield code="d">KOSZ 005/HR</subfield>
  </datafield>
  <datafield tag="041" ind1="0" ind2=" ">
    <subfield code="a">pol</subfield>
  </datafield>
  <datafield tag="100" ind1="1" ind2=" ">
    <subfield code="a">STRZELECKA, Agnieszka.</subfield>
    <subfield code="b">Politechnika Koszali&#x144;ska - Instytut Ekonomii i Zarz&#x105;dzania,</subfield>
    <subfield code="c">Zak&#x142;ad Finans&#xF3;w</subfield>
    <subfield code="d">2006 - .</subfield>
  </datafield>
  <datafield tag="245" ind1="1" ind2="0">
    <subfield code="a">Zmiany w poziomie oszcz&#x119;dno&#x15B;ci gospodarstw domowych rolnik&#xF3;w w Polsce w latach 2004-2008 /</subfield>
    <subfield code="c">Agnieszka Strzelecka.</subfield>
  </datafield>
  <datafield tag="650" ind1=" " ind2="0">
    <subfield code="a">Finanse.</subfield>
  </datafield>
  <datafield tag="773" ind1="0" ind2="8">
    <subfield code="i">W:</subfield>
    <subfield code="t">Zeszyty Naukowe. Uniwersytet Ekonomiczny w Poznaniu. -</subfield>
    <subfield code="g">2010, Z. 140, s. 303-314.</subfield>
    <subfield code="x">1689-7374</subfield>
  </datafield>
  <datafield tag="942" ind1=" " ind2=" ">
    <subfield code="c">ART</subfield>
    <subfield code="2">UKD</subfield>
  </datafield>
  <datafield tag="999" ind1=" " ind2=" ">
    <subfield code="c">8070</subfield>
    <subfield code="d">8070</subfield>
  </datafield>
</record>
